ARRUPE JESUIT UNIVERSITY

CORONAVIRUS -STOP THE SPREAD - CLEAN,DISINFECT,COVER

The teachings of the Second Vatican Council (Record no. 39008)

MARC details
000 -LEADER
fixed length control field 00514nam a2200193Ia 4500
003 - CONTROL NUMBER IDENTIFIER
control field 0100
008 - FIXED-LENGTH DATA ELEMENTS--GENERAL INFORMATION
fixed length control field 130303s9999 xx 000 0 und d
040 ## - CATALOGING SOURCE
Transcribing agency ARRUPELIB
050 ## - LIBRARY OF CONGRESS CALL NUMBER
Classification number BX830.1962A2N19 1966
300 ## - PHYSICAL DESCRIPTION
Other physical details 676p. 23cm.
245 #4 - TITLE STATEMENT
Title The teachings of the Second Vatican Council
245 ## - TITLE STATEMENT
Remainder of title complete text of the constitutions, decrees, and declarations
260 ## - PUBLICATION, DISTRIBUTION, ETC. (IMPRINT)
Place of publication, distribution, etc Westminster MD
260 ## - PUBLICATION, DISTRIBUTION, ETC. (IMPRINT)
Name of publisher, distributor, etc Newman Press
260 ## - PUBLICATION, DISTRIBUTION, ETC. (IMPRINT)
-- 1966
300 ## - PHYSICAL DESCRIPTION
Extent xi
700 ## - ADDED ENTRY--PERSONAL NAME
Personal name Baum, Gregory (intr.)
942 00 - ADDED ENTRY ELEMENTS (KOHA)
Koha issues (borrowed), all copies 4
Holdings
Withdrawn status Lost status Source of classification or shelving scheme Damaged status Not for loan Collection code Home library Current library Shelving location Date acquired Total Checkouts Full call number Barcode Date last seen Date checked out Copy number Price effective from Koha item type
    Library of Congress Classification     Main Collection ARRUPE LIBRARY ARRUPE LIBRARY   04/03/2013 9 BX830.1962A2N19 1966 46003087851 13/04/2018 03/04/2018 1 04/03/2013 Monograph ( Printed materials)

 

Arrupe Library. PO Box MP320 Mt Pleasant, Harare, Zimbabwe
263 242 745411|librarian@aju.ac.zw